Statistics for Detroit Lions Leaders by Year

Click here to take the quiz!

General Stats

  • This quiz has been taken 746 times
    (114 since last reset)
  • The average score is 15 of 40

Answer Stats

YearPlayer% Correct
2021, 2022, 2023Jared Goff
99%
2009, 2011, 2012, 2013, 2014, 2015, 2016, 2017, 2018, 2019, 2020Matthew Stafford
99%
2008, 2009, 2010, 2011, 2012, 2013, 2015Calvin Johnson
93%
2018, 2019Kerryon Johnson
88%
2021, 2022, 2023Amon-Ra St. Brown
87%
1992, 1993, 1994, 1995, 1996, 1997, 1998Barry Sanders
86%
2023David Montgomery
80%
2022Jamaal Williams
68%
2004, 2005, 2006Roy Williams
67%
2021D'Andre Swift
62%
2004, 2005, 2006, 2007Kevin Jones
49%
2017, 2020Marvin Jones Jr.
49%
2014, 2016Golden Tate
48%
2018, 2019Kenny Golladay
41%
2008Dan Orlovsky
35%
1992, 1993, 1994, 1995, 1996, 1997Herman Moore
35%
2013Reggie Bush
32%
2008, 2009Kevin Smith
29%
2002, 2003, 2004, 2005Joey Harrington
28%
2006, 2007Jon Kitna
28%
1995, 1996, 1997Scott Mitchell
27%
1992, 1993Rodney Peete
26%
2015, 2017Ameer Abdullah
20%
2010, 2011Jahvid Best
20%
2020Adrian Peterson
18%
2014Joique Bell
16%
2010Shaun Hill
15%
1998, 2000, 2001Charlie Batch
14%
2016Theo Riddick
14%
1999Greg Hill
13%
1994Dave Krieg
12%
2000, 2001, 2002James Stewart
12%
1998, 2000, 2001Johnnie Morton
11%
1999Gus Frerotte
6%
1999Germane Crowell
5%
2012Mikel Leshoure
5%
2003Shawn Bryson
5%
2003Az-Zahir Hakim
4%
2002Bill Schroeder
4%
2007Shaun McDonald
3%

Score Distribution

Percentile by Number Answered

Percent of People with Each Score

Your Score History

You have not taken this quiz since the last reset